00664nam a2200193Ia 4500001000900000003000500009005001700014008004100031010001100072040002300083100004600106110004600152245009000198260005700288300000800345500000800353650004600361700006300407dia_3223CHAP20251029161134.0220117s1984 xx 000 0 und d a173722 cCHAPamxchpuaerda aSistema Nacional para el Abasto. México aMÉXICO. SISTEMA NACIONAL PARA EL ABASTO aDiagnóstico para la instalación de centros de acopio; oaxaca, frutas y hortalizas aMéxico :b Sistema Nacional para el Abasto,c1984 aS.P aS/C aFrutas y hortalizasxOaxacaxproducción aSecretaria de agricultura y recursos hidraulicos. México